| 000 | 00711cam a2200229u 4500 | ||
|---|---|---|---|
| 001 | 46396 | ||
| 003 | BD-RjUL | ||
| 005 | 20211209054139.0 | ||
| 008 | 160802s1951 ii 000 0 eng | ||
| 035 | _a(BD-RjUL)46514 | ||
| 040 |
_aDLC _cCarP _dDLC _beng |
||
| 041 | _aeng | ||
| 082 |
_223 _bAIA 1951 _a345.0954 |
||
| 100 | 1 |
_aAiyar, Krishna Jagadisa, _d1885- _9141111 |
|
| 245 | 1 | 4 |
_aThe All India criminal digest, 1941-1950 / _c Krishna Jagadisa Aiyar |
| 260 |
_aAllahabad : _bLaw Book Co., _c1951. |
||
| 300 |
_aliv, 1740 p. ; _c26 cm. |
||
| 650 | 0 |
_aCriminal law _zIndia _vDigests. _9141661 |
|
| 650 | 0 |
_aCriminal procedure _zIndia _vDigests. _9141662 |
|
| 942 |
_2ddc _cBK |
||
| 999 |
_c46396 _d46396 |
||